[Event "SN-2019-0-00966"]
[Site "LSS email"]
[Date "2019.03.27"]
[Round "?"]
[White "Moe, Michael"]
[Black "Neil, Charles"]
[Result "1-0"]
[WhiteElo "1077"]
[BlackElo "460"]
[PlyCount "35"]
[EventDate "2019.02.21"]
[EventType "tourn (corr)"]
[EventRounds "6"]
[EventCountry "GER"]
[SourceTitle "Corr 2022"]
[Source "ChessBase"]
[SourceDate "2021.10.24"]
[SourceVersion "1"]
[SourceVersionDate "2021.10.24"]
[SourceQuality "1"]

1. d4 d5 2. e4 dxe4 3. Nc3 Nf6 4. Be3 e6 5. Bc4 Bb4 6. Nge2 0-0 7. 0-0 Re8 8. f4 c5 9. a3 Bxc3 10. Nxc3 cxd4 11. Qxd4 Nc6 12. Qxd8 Rxd8 13. Rad1 e5 14. fxe5 Bf5 15. exf6 gxf6 16. Rxf5 Rxd1+ 17. Nxd1 Ne5 18. b3 1-0

[Event "OP-2019-0-04716"]
[Site "LSS email"]
[Date "2019.01.22"]
[Round "?"]
[White "Aydin, Cagakan"]
[Black "Moe, Michael"]
[Result "1-0"]
[WhiteElo "1173"]
[BlackElo "1106"]
[PlyCount "25"]
[EventDate "2019.01.16"]
[EventType "tourn (corr)"]
[EventRounds "4"]
[EventCountry "GER"]
[SourceTitle "Corr 2022"]
[Source "ChessBase"]
[SourceDate "2021.10.24"]
[SourceVersion "1"]
[SourceVersionDate "2021.10.24"]
[SourceQuality "1"]

1. e4 c5 2. Nf3 d5 3. exd5 Nf6 4. Bb5+ Bd7 5. a4 a6 6. Bxd7+ Nbxd7 7. c4 Qc7 8. 0-0 0-0-0 9. Ng5 Ne5 10. d4 cxd4 11. Bf4 Kb8 12. Nxf7 Rg8 13. Bxe5 1-0

[Event "LSS No Engine Cup 108 Preliminary 3"]
[Site "LSS email"]
[Date "2014.04.10"]
[Round "?"]
[White "Moe, Michael"]
[Black "Schiller, Manfred"]
[Result "1-0"]
[WhiteElo "835"]
[BlackElo "574"]
[PlyCount "61"]
[EventDate "2014.04.11"]
[EventType "tourn (corr)"]
[EventRounds "6"]
[EventCountry "GER"]
[SourceTitle "Corr 2015"]
[Source "ChessBase"]
[SourceDate "2015.07.17"]
[SourceVersion "1"]
[SourceVersionDate "2015.07.17"]
[SourceQuality "1"]

1. d4 g6 2. Nf3 Bg7 3. e4 d6 4. Bb5+ Bd7 5. Nc3 a6 6. Bc4 e6 7. 0-0 b5 8. Bb3 Ne7 9. Bf4 Nbc6 10. Qe2 Bxd4 11. e5 d5 12. Nxd5 Nxd5 13. Bxd5 Bxb2 14. Bg5 Qc8 15. Rab1 exd5 16. Rxb2 Be6 17. Bf6 Rg8 18. Ng5 Nd4 19. Qd3 Nf5 20. h3 c5 21. Nxh7 c4 22. Qa3 Ra7 23. Bg5 c3 24. Nf6+ Kd8 25. Nxd5+ Ke8 26. Nf6+ Kd8 27. Nxg8+ Kc7 28. Rxb5 Qxg8 29. Qc5+ Kd7 30. Qxa7+ Kc6 31. Qb7# 1-0

[Event "OP-2014-0-03357"]
[Site "LSS email"]
[Date "2014.03.28"]
[Round "?"]
[White "Lebduska, Daniel"]
[Black "Moe, Michael"]
[Result "0-1"]
[WhiteElo "652"]
[BlackElo "864"]
[PlyCount "50"]
[EventDate "2014.03.25"]
[EventType "tourn (corr)"]
[EventRounds "4"]
[EventCountry "GER"]
[SourceTitle "Telechess CBM 167"]
[Source "ChessBase"]
[SourceDate "2015.07.13"]
[SourceVersion "1"]
[SourceVersionDate "2015.07.13"]
[SourceQuality "1"]

1. e4 e5 2. Nf3 Nc6 3. g3 d6 4. Bg2 Nf6 5. d3 Bg4 6. 0-0 Qe7 7. h3 Be6 8. a3 0-0-0 9. Nc3 Kb8 10. Be3 d5 11. exd5 Nxd5 12. Nxd5 Bxd5 13. c4 Bxc4 14. Qa4 Bxd3 15. Rfd1 g5 16. Nxg5 a6 17. Bxc6 bxc6 18. Rxd3 Rxd3 19. Qxa6 Rxe3 20. Nxf7 Rxg3+ 21. Kh2 Qxf7 22. Rf1 Rhg8 23. fxg3 Qg6 24. Rg1 e4 25. Qxc6 Qxc6 0-1

[Event "OP-2014-0-03357"]
[Site "LSS email"]
[Date "2014.03.28"]
[Round "?"]
[White "Moe, Michael"]
[Black "Kolanek, Roman"]
[Result "0-1"]
[WhiteElo "864"]
[BlackElo "1859"]
[PlyCount "42"]
[EventDate "2014.03.25"]
[EventType "tourn (corr)"]
[EventRounds "4"]
[EventCountry "GER"]
[SourceTitle "Telechess CBM 167"]
[Source "ChessBase"]
[SourceDate "2015.07.13"]
[SourceVersion "1"]
[SourceVersionDate "2015.07.13"]
[SourceQuality "1"]

1. e4 c5 2. Nf3 d6 3. Bc4 Nf6 4. d4 Nxe4 5. 0-0 cxd4 6. Nxd4 e6 7. Nc3 Nxc3 8. bxc3 Be7 9. f4 0-0 10. Bd3 Na6 11. Ba3 Qa5 12. Bb2 Bf6 13. Nb3 Qc7 14. Qd2 b6 15. Be4 Rb8 16. Ba3 Nc5 17. Nxc5 bxc5 18. Qd3 g6 19. g4 d5 20. Bg2 Qa5 21. Bc1 Ba6 0-1

[Event "OP-2014-0-03343"]
[Site "LSS email"]
[Date "2014.03.18"]
[Round "?"]
[White "Moe, Michael"]
[Black "Kramskoi, Vasyl"]
[Result "0-1"]
[WhiteElo "835"]
[BlackElo "1059"]
[PlyCount "44"]
[EventDate "2014.03.15"]
[EventType "tourn (corr)"]
[EventRounds "4"]
[EventCountry "GER"]
[SourceTitle "Telechess CBM 167"]
[Source "ChessBase"]
[SourceDate "2015.07.13"]
[SourceVersion "1"]
[SourceVersionDate "2015.07.13"]
[SourceQuality "1"]

1. e4 c5 2. Nc3 e6 3. Nf3 a6 4. d4 cxd4 5. Qxd4 Nc6 6. Qe3 b5 7. Be2 Bb7 8. a3 Nh6 9. g3 Be7 10. h3 f6 11. Bd2 f5 12. Nh4 b4 13. Bh5+ Kf8 14. exf5 Bxh4 15. fxe6 bxc3 16. Bxc3 Ne7 17. Bxg7+ Kxg7 18. gxh4 Bxh1 19. Ke2 Nhf5 20. Rg1+ Ng6 21. Qe5+ Qf6 22. Bxg6 Qxe5+ 0-1

[Event "OP-2014-0-03328"]
[Site "LSS email"]
[Date "2014.03.09"]
[Round "?"]
[White "Moe, Michael"]
[Black "Alvarez, Carlos F"]
[Result "0-1"]
[WhiteElo "1232"]
[BlackElo "1400"]
[PlyCount "46"]
[EventDate "2014.03.07"]
[EventType "tourn (corr)"]
[EventRounds "4"]
[EventCountry "GER"]
[SourceTitle "Corr 2022"]
[Source "ChessBase"]
[SourceDate "2021.10.24"]
[SourceVersion "1"]
[SourceVersionDate "2021.10.24"]
[SourceQuality "1"]

1. e4 e6 2. d4 d5 3. Bd3 c5 4. Nf3 dxe4 5. Bxe4 Nf6 6. Nc3 Nxe4 7. Nxe4 Nc6 8. 0-0 cxd4 9. a3 e5 10. Qd3 f5 11. Re1 fxe4 12. Qxe4 Bd6 13. Nxd4 Nxd4 14. Qxd4 Be6 15. Qe4 0-0 16. b4 a5 17. Bd2 Qc7 18. Re3 Rf4 19. Rc3 Rxe4 20. Rxc7 Bxc7 21. h3 axb4 22. a4 Bb6 23. a5 Rxa5 0-1

[Event "LSS No Engine Cup 38 Preliminary 1"]
[Site "LSS email"]
[Date "2011.03.02"]
[Round "?"]
[White "Belter, Edmund"]
[Black "Moe, Michael"]
[Result "1-0"]
[WhiteElo "1423"]
[BlackElo "893"]
[PlyCount "41"]
[EventDate "2011.03.03"]
[EventType "tourn (corr)"]
[EventRounds "6"]
[EventCountry "GER"]
[SourceTitle "Telechess CBM 151"]
[Source "ChessBase"]
[SourceDate "2012.11.13"]
[SourceVersion "1"]
[SourceVersionDate "2012.11.13"]
[SourceQuality "1"]

1. e4 Nf6 2. e5 Nd5 3. d4 d6 4. Nf3 e6 5. c4 Nb4 6. a3 N4c6 7. exd6 cxd6 8. Nc3 Be7 9. Bd3 b6 10. d5 Ne5 11. Nxe5 dxe5 12. d6 Bxd6 13. Be4 0-0 14. Bxa8 Na6 15. Nb5 Bc5 16. Qxd8 Rxd8 17. Nxa7 Bd7 18. Bf3 Nb8 19. 0-0 Nc6 20. Nxc6 Bxc6 21. Bxc6 1-0

[Event "LSS No Engine Cup 38 Preliminary 1"]
[Site "LSS email"]
[Date "2011.03.02"]
[Round "?"]
[White "Moe, Michael"]
[Black "Broniek, Mariusz Maciej"]
[Result "1-0"]
[WhiteElo "893"]
[BlackElo "1537"]
[PlyCount "32"]
[EventDate "2011.03.03"]
[EventType "tourn (corr)"]
[EventRounds "6"]
[EventCountry "GER"]
[SourceTitle "Corr 2015"]
[Source "ChessBase"]
[SourceDate "2015.07.17"]
[SourceVersion "1"]
[SourceVersionDate "2015.07.17"]
[SourceQuality "1"]

1. d4 d5 2. c4 e6 3. Nc3 Nf6 4. Bg5 Be7 5. e4 dxe4 6. Bxf6 Bxf6 7. Nge2 Nc6 8. d5 exd5 9. Nxd5 Bxb2 10. Rb1 Be5 11. Nec3 f5 12. g3 Nd4 13. Bg2 c6 14. Bxe4 fxe4 15. Qh5+ Kf8 16. Qxe5 Nf3+ 1-0

[Event "ZN-2011-0-01357"]
[Site "LSS email"]
[Date "2011.02.25"]
[Round "?"]
[White "Moe, Michael"]
[Black "Simmons, Ernest"]
[Result "0-1"]
[WhiteElo "847"]
[BlackElo "721"]
[PlyCount "64"]
[EventDate "2011.02.23"]
[EventType "match (corr)"]
[EventRounds "2"]
[EventCountry "GER"]
[SourceTitle "Telechess CBM 145"]
[Source "Chessbase"]
[SourceDate "2011.11.11"]
[SourceVersion "1"]
[SourceVersionDate "2011.11.11"]
[SourceQuality "1"]

1. d4 Nf6 2. c4 e6 3. g3 Bb4+ 4. Nc3 Bxc3+ 5. bxc3 0-0 6. Bg2 c6 7. Nf3 Ne4 8. Qd3 Nf6 9. 0-0 d5 10. Bg5 Nbd7 11. Ne5 h6 12. Bf4 Nb6 13. Bf3 Qe7 14. e4 Rd8 15. c5 Nbd7 16. exd5 cxd5 17. Rae1 a6 18. Nxd7 Bxd7 19. Be2 Bc6 20. Bd1 Bb5 21. Bd6 Qd7 22. Qf3 Bxf1 23. Kxf1 Ne4 24. Qd3 Nxd6 25. Bc2 Qb5 26. cxd6 Qxd3+ 27. Bxd3 Rxd6 28. f4 Rc8 29. h4 Rxc3 30. Ke2 Ra3 31. Bb1 Rb6 32. Kf2 Rb2+ 0-1

[Event "LSS ZN-2010-0-00948"]
[Site "LSS email"]
[Date "2010.03.03"]
[Round "?"]
[White "Moe, Michael"]
[Black "Rey, Dieter"]
[Result "1-0"]
[WhiteElo "829"]
[BlackElo "700"]
[PlyCount "71"]
[EventDate "2010.02.28"]
[EventType "match (corr)"]
[EventRounds "2"]
[EventCountry "GER"]
[SourceTitle "Telechess CBM 141"]
[Source "ChessBase"]
[SourceDate "2011.03.17"]
[SourceVersion "1"]
[SourceVersionDate "2011.03.17"]
[SourceQuality "1"]

1. e4 d6 2. d4 Nf6 3. Nc3 g6 4. f4 Bg7 5. Nf3 0-0 6. Bd3 Bg4 7. 0-0 Nc6 8. Be2 Bxf3 9. Bxf3 a6 10. Be3 Rb8 11. e5 dxe5 12. dxe5 Qxd1 13. Raxd1 Ne8 14. Nd5 b5 15. Bc5 a5 16. Nxe7+ Nxe7 17. Bxe7 Bh6 18. Rd4 c5 19. Bxc5 Rc8 20. Bxf8 Kxf8 21. Rf2 Nc7 22. Rfd2 Ne6 23. Bg4 Rb8 24. Bxe6 fxe6 25. c4 bxc4 26. Rxc4 Ra8 27. Rd7 a4 28. Rxh7 Bg7 29. Rc7 Rb8 30. Rhxg7 Rxb2 31. Rxg6 Rxa2 32. Ra7 a3 33. h4 Ra1+ 34. Kh2 a2 35. Kg3 Ke8 36. Rg8# 1-0

[Event "LSS ZN-2010-0-00948"]
[Site "LSS email"]
[Date "2010.03.03"]
[Round "?"]
[White "Rey, Dieter"]
[Black "Moe, Michael"]
[Result "1-0"]
[WhiteElo "766"]
[BlackElo "829"]
[PlyCount "45"]
[EventDate "2010.02.28"]
[EventType "match (corr)"]
[EventRounds "2"]
[EventCountry "GER"]
[SourceTitle "Corr 2013"]
[Source "ChessBase"]
[SourceDate "2012.11.12"]
[SourceVersion "1"]
[SourceVersionDate "2012.11.12"]
[SourceQuality "1"]

1. d4 Nf6 2. c4 e5 3. dxe5 Ng4 4. Bf4 Bb4+ 5. Nd2 Qe7 6. Ngf3 0-0 7. e3 Nc6 8. a3 Bxd2+ 9. Qxd2 d6 10. exd6 Qd7 11. dxc7 Ne7 12. Qxd7 Bxd7 13. Rd1 Be6 14. Be2 f6 15. Bd6 Rfe8 16. Bxe7 Rxe7 17. Rd8+ Rxd8 18. cxd8Q+ Kf7 19. 0-0 f5 20. Ng5+ Kf6 21. Nxe6 Kxe6 22. Bxg4 fxg4 23. Rd1 1-0

[Event "OP-2010-0-01055"]
[Site "LSS email"]
[Date "2010.01.21"]
[Round "?"]
[White "Balaram, Mohanakrishnan"]
[Black "Moe, Michael"]
[Result "1-0"]
[WhiteElo "942"]
[BlackElo "829"]
[PlyCount "49"]
[EventDate "2010.01.17"]
[EventType "tourn (corr)"]
[EventRounds "4"]
[EventCountry "GER"]
[SourceTitle "Corr 2013"]
[Source "ChessBase"]
[SourceDate "2012.11.12"]
[SourceVersion "1"]
[SourceVersionDate "2012.11.12"]
[SourceQuality "1"]

1. e4 e5 2. Nf3 Nc6 3. Bc4 Nf6 4. d3 d5 5. exd5 Nxd5 6. 0-0 Bc5 7. Re1 Bg4 8. Nxe5 Bxd1 9. Nxc6+ Kd7 10. Nxd8 Raxd8 11. Rxd1 Kc8 12. Bxd5 Rxd5 13. Nc3 Re5 14. Bf4 Rf5 15. Bg3 h5 16. h4 g5 17. d4 Bd6 18. Bxd6 cxd6 19. hxg5 h4 20. Ne4 Kd7 21. c4 h3 22. g3 Ke6 23. Re1 h2+ 24. Kh1 b6 25. Nc5# 1-0

[Event "LSS ZN-2010-0-00877"]
[Site "LSS email"]
[Date "2010.01.20"]
[Round "?"]
[White "Morau, Jose Roberto"]
[Black "Moe, Michael"]
[Result "1-0"]
[WhiteElo "1622"]
[BlackElo "829"]
[PlyCount "41"]
[EventDate "2010.01.15"]
[EventType "match (corr)"]
[EventRounds "2"]
[EventCountry "GER"]
[SourceTitle "Corr 2013"]
[Source "ChessBase"]
[SourceDate "2012.11.12"]
[SourceVersion "1"]
[SourceVersionDate "2012.11.12"]
[SourceQuality "1"]

1. e4 e5 2. Nf3 Nc6 3. Bc4 Nf6 4. Nc3 Bb4 5. Ng5 0-0 6. Bxf7+ Rxf7 7. Nxf7 Kxf7 8. 0-0 d6 9. a3 Bc5 10. d3 Kg8 11. Bg5 Qf8 12. h3 h6 13. Bh4 Nd4 14. Bxf6 Qxf6 15. Nd5 Bxh3 16. Nxf6+ gxf6 17. gxh3 Kh7 18. Qh5 Rg8+ 19. Kh2 b5 20. Qf7+ Rg7 21. Qxf6 1-0